000 00808nam a2200241Ia 4500
003 OSt
005 20220923221848.0
006 a|||||r|||| 00| 0
007 ta
008 220922b |||||||| |||| 00| 0 hin d
024 _a200,581
037 _cTextual
040 _aARTS
_cARTS
_bhin
041 _2hin
_ahin
082 _aQ6:33, 152L3
100 _aमसीह, याकुब
245 0 _aनिरीश्वरवाद भारतीय एंव पाश्चात्य
246 _aNirīshvaravād bhāratīya eanva pāshchātya
260 _aपटना
_b बिहार हिन्दी ग्रंथ अकादमी
_c1973
300 _a272पृ.
_ccm.
942 _hQ6:33, 152L3
_cTEXL
_2CC
999 _c352253
_d352253